Kolory - Statystyki

Ogólne statystyki
  • Ten quiz został rozwiązany 148 razy
    44 od ostatniego zresetowania
  • Średni wynik to 6 z 7
Answers on the Grid
Answers color-coded by a green-red scale on the quiz's grid according to % correct below.
Ananasowy
Biały
Czerwony
Domy
Ekierkowy
Fioletowy
Greckowy
Halowy
Irlandzkowy
Jajeczowy
Kosmosowy
Lodowy
Miamowy
Niebieski
Ostrowy
Pomarańczowy
Ruskowy
Smutny
Traktory
Urugwajsky
Wielky
Yetowy
Zielony
Żółty
Źrebaky
 
Statystyki odpowiedzi
Odpowiedź % Poprawnych
Biały
96%
Czerwony
92%
Fioletowy
81%
Pomarańczowy
77%
Niebieski
73%
Zielony
73%
Żółty
73%
Nie znaleziono quizów pasujących do podanych kryteriów
Rozkład punktacji
Procent ludzi z każdym wynikiem
Percentyl według liczby udzielonych odpowiedzi
Twoja historia wyników
Nie rozwiązałeś tego quizu od ostatniego zresetowania